<?xml version="1.0" encoding="UTF-8"?>
<record
    xmlns:xsi="http://www.w3.org/2001/XMLSchema-instance"
    xsi:schemaLocation="http://www.loc.gov/MARC21/slim http://www.loc.gov/standards/marcxml/schema/MARC21slim.xsd"
    xmlns="http://www.loc.gov/MARC21/slim">

  <leader>01942nab a2200265 i 4500</leader>
  <controlfield tag="003">BR-BrBNA</controlfield>
  <controlfield tag="005">20260423151853.0</controlfield>
  <controlfield tag="008">260423b2019    bl.qr|pooa||| 00| 0 eng |</controlfield>
  <datafield tag="040" ind1=" " ind2=" ">
    <subfield code="a">BR-BrBNA</subfield>
    <subfield code="b">eng</subfield>
  </datafield>
  <datafield tag="072" ind1=" " ind2=" ">
    <subfield code="a">H20</subfield>
    <subfield code="b">3140</subfield>
  </datafield>
  <datafield tag="100" ind1=" " ind2=" ">
    <subfield code="a">Fajardo, Maria Alejandra</subfield>
  </datafield>
  <datafield tag="100" ind1=" " ind2=" ">
    <subfield code="a">Le&#xF3;n, Juan Diego</subfield>
  </datafield>
  <datafield tag="100" ind1=" " ind2=" ">
    <subfield code="a">Correa, Guillermo Antonio </subfield>
  </datafield>
  <datafield tag="100" ind1=" " ind2=" ">
    <subfield code="a">Morales, Juan Gonzalo </subfield>
  </datafield>
  <datafield tag="245" ind1=" " ind2=" ">
    <subfield code="a">The Causal Agent of Damping-off in Pinus patula (Schiede) and Pinus tecunumanii (Schwerdtf.)</subfield>
  </datafield>
  <datafield tag="500" ind1=" " ind2=" ">
    <subfield code="a">Publica&#xE7;&#xE3;o on-line; 44 ref.; 6 illus.; Summary (En)</subfield>
  </datafield>
  <datafield tag="520" ind1=" " ind2=" ">
    <subfield code="a">

ABSTRACT

Damping-off is considered one of the most serious risks for production of Pinus seedlings due to
the significant losses it can cause in forest nurseries. In Colombia there is little information about
the etiology of this limiting disease. Different species of the genus Fusarium have been reported
as causal agents, which makes the study of the pathogenicity of this genus relevant. In this study,
strain 001F of Fusarium oxysporum was obtained from the diseased tissues of P. patula seedlings.
The identity of the species was determined by sequencing the internal transcribed spacer (ITS)
regions. Pathogenicity tests confirmed the ability of strain 001F to cause damping-off symptoms
in P. patula and P. tecunumanii. Thus, F. oxysporum strain 001F represents a significant risk to
produce tree species in Colombia and in other parts of the world.

Keywords: Fusarium sp., forest nurseries, pathogenicity.</subfield>
  </datafield>
  <datafield tag="650" ind1=" " ind2=" ">
    <subfield code="a">FUSARIUM</subfield>
  </datafield>
  <datafield tag="650" ind1=" " ind2=" ">
    <subfield code="a">PATOGENICIDADE</subfield>
  </datafield>
  <datafield tag="650" ind1=" " ind2=" ">
    <subfield code="a">VIVEIRO FLORESTAL</subfield>
  </datafield>
  <datafield tag="773" ind1="0" ind2=" ">
    <subfield code="0">2929</subfield>
    <subfield code="9">347953</subfield>
    <subfield code="d">Rio de Janeiro-RJ Instituto de Florestas - UFRRJ 1994</subfield>
    <subfield code="o">2025-0452</subfield>
    <subfield code="t">Floresta e Ambiente (Brazil)</subfield>
    <subfield code="x">1415-0980  /  ISSN 2179-8087 0nline</subfield>
    <subfield code="g">v. 26(4) p. 1-11; (2019)</subfield>
    <subfield code="w">BR2026001273</subfield>
  </datafield>
  <datafield tag="856" ind1=" " ind2=" ">
    <subfield code="u">https://www.scielo.br/j/floram/a/pVJjjqn4XPVH3qnMJ4JdMLQ/?format=pdf&amp;lang=en</subfield>
  </datafield>
  <datafield tag="942" ind1=" " ind2=" ">
    <subfield code="c">ANA</subfield>
  </datafield>
  <datafield tag="999" ind1=" " ind2=" ">
    <subfield code="c">341534</subfield>
    <subfield code="d">341534</subfield>
  </datafield>
</record>
